000 00518nam a2200205Ia 4500
999 _c4521
_d4521
020 _a1-84169-546-7
082 _a155.2 ADV-
245 0 _aAdvances in personality psychology
260 _aHove
_bPsychology Press
_c2005
300 _axvi, 217
500 _acontents: Vol. 2
650 _aPsychology
650 _aPersonality
650 _aDevelopmental psychology
650 _aPersonlity and cognition
700 _aHampson , Sarah E.
700 _aRaad, Boele de
700 _aEliasz, Andrzej
942 _cBK